000 00460nam a22001697a 4500
005 20251108164229.0
008 250721s1958 xx 000 0 ara d
082 1 4 _a916.24/أحم
100 1 _aحسين، أحمد
245 1 0 _aمن وحي الجنوب /
264 1 _aالقاهرة :
_bدار المعارف،
_c1958.
300 _a229 ص
650 1 7 _aالسودان
650 1 7 _aالرحلات الجغرافية
942 _2ddc
_cBK
999 _c6975
_d6975